000 00796cam a2200265I 4500
001 45181
005 20230411085957.0
008 770705s1942 ag ag b 000 0 spa d
035 _a(OCoLC)ocm03091649
040 _aTXU
_cTXU
_dOCL
_dOCLCQ
035 _a(OCoLC)3091649
090 _aML410.G7
_bB433g,1942
049 _aGRAL
100 1 _aBellaigue, Camilio,
_d1858-
245 1 0 _aGounod;
_cTraducción de Pedro E.F. Labrousse.
260 _aBuenos Aires,
_bEditorial Tor
_c[1942]
300 _a189 p.
_billus. (music)
_c19 cm.
500 _a"Catálogo de la obra de Carlos Gounod": p. 179-188.
504 _a"Bibliografía": p. 189.
600 1 0 _aGounod, Charles,
_d1818-1893.
700 1 _aLabrousse, Pedro E. F.,
_etr.
942 _2lcc
_cbk
946 _amjcruz
994 _aC0
_bDRFGD
999 _c110352
_d110352